| 000 | 00649nam a2200217Ia 4500 | ||
|---|---|---|---|
| 999 |
_c41120 _d41120 |
||
| 001 | 7770 | ||
| 003 | GE_BSU | ||
| 005 | 20220926113011.0 | ||
| 008 | 181216s2011en xx |||||||||||||| ||eng|| | ||
| 020 | _a9780470177143 | ||
| 040 | _cGE_BSU | ||
| 041 | _aeng | ||
| 080 | _a005.1 F-19 | ||
| 100 |
_aFallon, Michael J. _914782 |
||
| 245 |
_aHotel Management and operations / _cMichael J. Fallon |
||
| 264 |
_aNew Jersey : _bHoboken, _c2011. |
||
| 300 |
_a494 p.: _c 23 cm. |
||
| 653 | _aHotel Management and operations | ||
| 653 | _aსასტუმროს მენეჯმენტი და ოპერაციები | ||
| 942 |
_cBK _2udc |
||